Personnages de Mentalist par images - Statistiques

Statistiques générales
  • Ce quiz a été pris 127 fois
  • Le résultat moyen est 9 sur 24
Statistiques - réponses
Par images Réponse % Correct
Patrick Jane
99%
Teresa Lisbon
86%
Kimball Cho
85%
Grace van Pelt
83%
Wayne Rigsby
70%
Gale Bertram
47%
Thomas McAllister
45%
Sam Bosco
43%
Bret Stiles
39%
Summer Edgecombe
37%
Lorelei Martins
36%
Michelle Vega
35%
Dennis Abbott
32%
Madeleine Hightower
29%
Erica Flynn
24%
Kim Fischer
22%
Brenda Shettrick
21%
Osvaldo Ardiles
19%
Ray Haffner
18%
Kristina Frye
16%
Jason Wylie
10%
Rosalind Harker
9%
Susan Darcy
7%
Luther Wainwright
5%
Aucun quiz correspondant
Distribution des résultats
% des personnes avec chaque résultat
Percentile par nombre de réponses
Votre historique - résultats
Vous n’avez pas pris ce quiz